Compensation for compulsory acquisition and planning restrictions: a memorandum submitted to the Ministry of Housing and Local Government; proposals of the Chartered Land Societies Committee (Record no. 87942)
[ view plain ]
| 000 -LEADER | |
|---|---|
| fixed length control field | 00639cam a2200193 4500 |
| 001 - CONTROL NUMBER | |
| control field | D15223 |
| 008 - FIXED-LENGTH DATA ELEMENTS--GENERAL INFORMATION | |
| fixed length control field | 090401t1968 xxu||||| |||| 00| 0 eng d |
| 035 ## - SYSTEM CONTROL NUMBER | |
| System control number | (Sirsi) u21231 |
| 041 ## - LANGUAGE CODE | |
| Language code of text/sound track or separate title | eng |
| 050 ## - LIBRARY OF CONGRESS CALL NUMBER | |
| Classification number | RICS 1968/33ABC |
| 110 ## - MAIN ENTRY--CORPORATE NAME | |
| Corporate name or jurisdiction name as entry element | Royal Institution of Chartered Surveyors |
| 9 (RLIN) | 4900 |
| 245 ## - TITLE STATEMENT | |
| Title | Compensation for compulsory acquisition and planning restrictions: a memorandum submitted to the Ministry of Housing and Local Government; proposals of the Chartered Land Societies Committee |
| 260 ## - PUBLICATION, DISTRIBUTION, ETC. | |
| Name of publisher, distributor, etc. | CAEAI |
| Date of publication, distribution, etc. | 1968 |
| 300 ## - PHYSICAL DESCRIPTION | |
| Extent | iv. 60p |
| 350 ## - PRICE (NR) (BK AM CF MU VM SE) [OBSOLETE] | |
| Price | 0.38 |
| 520 ## - SUMMARY, ETC. | |
| Summary, etc. | Filed in box 1968/33 ABC |
| 942 ## - ADDED ENTRY ELEMENTS (KOHA) | |
| Suppress in OPAC | 0 |
| 948 ## - LOCAL PROCESSING INFORMATION (OCLC); SERIES PART DESIGNATOR (RLIN) | |
| c (OCLC) | 04/03/1997 |
| Withdrawn status | Lost status | Source of classification or shelving scheme | Damaged status | Not for loan | Home library | Current library | Shelving location | Date acquired | Cost, normal purchase price | Total Checkouts | Full call number | Barcode | Date last seen | Copy number | Cost, replacement price | Price effective from | Koha item type |
|---|---|---|---|---|---|---|---|---|---|---|---|---|---|---|---|---|---|
| Other/Generic Classification Scheme | London | London | RICS Boxes | 19/08/1991 | 0.38 | RICS 1968/33 | 30005944 | 06/08/2019 | 1 | 0.38 | 06/08/2019 | Book | |||||
| Other/Generic Classification Scheme | London | London | RICS Boxes | 19/08/1991 | 0.38 | RICS 1968/33 | 30010635 | 06/08/2019 | 2 | 0.38 | 06/08/2019 | Reference material | |||||
| Other/Generic Classification Scheme | London | London | RICS Boxes | 21/08/1991 | 0.38 | RICS 1968/33 | 30028001 | 06/08/2019 | 3 | 0.38 | 06/08/2019 | Reference material |